Statistiche per Film con maggiori incassi in Italia nel 2023

Clicka qui per fare il quiz!

Statistiche generali

  • Questo quiz è stato fatto 15 volte
  • Il punteggio medio è 5 su 10

Statistiche sulle risposte

ClassificaIncassiInterpreteTitolo% Corretto
232.122.053 €Margot RobbieBarbie
100%
132.959.528 €Paola CortellesiC'è ancora domani
83%
327.990.461 €Cillian MurphyOppenheimer
75%
711.825.041 €Vin DieselFast X
58%
612.032.533 €Halle BaileyLa Sirenetta
33%
108.675.124 €Kenneth BranaghAssassinio a Venezia
25%
810.915.351 €Chris PrattGuardiani della Galassia vol. 3
25%
99.919.659 €Timothée ChalametWonka
25%
517.209.450 €Sam WorthingtonAvatar - La via dell'acqua
17%
420.424.516 €Chris Pratt (voce)Super Mario bros. - il film
17%

Distribuzione punteggi

Percentile per numero di risposta

Percentuale di utenti per punteggio

I tuoi punteggi nel tempo

Non hai fatto questo quiz